[Event "Transcontinental Printanier ABCDEF"]
[Site "Montreal"]
[Date "2017.03.31"]
[Round "1"]
[White "Dimov, Petre"]
[Black "Dubois, Lorraine"]
[Result "1-0"]
[WhiteElo "1231"]
[BlackElo "1194"]
[PlyCount "48"]
[EventDate "2017.03.31"]
[EventType "swiss"]
[EventRounds "5"]
[EventCountry "CAN"]
[SourceTitle "EXT 2022"]
[Source "ChessBase"]
[SourceDate "2021.10.06"]
[SourceVersion "1"]
[SourceVersionDate "2021.10.06"]
[SourceQuality "1"]

1. e4 c6 2. Bc4 d5 3. Bb3 Nf6 4. e5 Nfd7 5. d4 e6 6. f4 c5 7. c3 cxd4 8. cxd4 Be7 9. Nf3 Nc6 10. 0-0 b6 11. a3 a5 12. Nc3 Ba6 13. Rf2 0-0 14. Ng5 b5 15. Be3 b4 16. Nb1 Nb6 17. Nxh7 Re8 18. Rf3 a4 19. Bc2 b3 20. Rh3 bxc2 21. Qh5 cxb1Q+ 22. Rxb1 g6 23. Qh6 f5 24. Qxg6+ Kh8 1-0

[Event "Montreal Pere Noel U1500"]
[Site "Montreal"]
[Date "2016.12.30"]
[Round "5.44"]
[White "Dimov, Petre"]
[Black "Chapdelaine, Gwyn"]
[Result "1-0"]
[WhiteElo "1231"]
[BlackElo "1079"]
[PlyCount "75"]
[EventDate "2016.12.26"]
[EventType "swiss"]
[EventRounds "5"]
[EventCountry "CAN"]
[SourceTitle "EXT 2022"]
[Source "ChessBase"]
[SourceDate "2021.10.06"]
[SourceVersion "1"]
[SourceVersionDate "2021.10.06"]
[SourceQuality "1"]

1. e4 e5 2. Bc4 Nf6 3. d4 exd4 4. Nf3 Bc5 5. e5 Ng4 6. Bg5 Be7 7. Bxe7 Qxe7 8. Qxd4 d6 9. 0-0 0-0 10. Nc3 Nc6 11. exd6 cxd6 12. Qf4 Be6 13. Rfe1 Nge5 14. Nxe5 Nxe5 15. Bb3 Rfe8 16. Nd5 Bxd5 17. Bxd5 Rac8 18. Re2 Rc5 19. Be4 d5 20. Bd3 Qd6 21. Rae1 f6 22. Qh4 g6 23. f4 Qb6 24. Kh1 Qxb2 25. Qxf6 Rc6 26. Qh4 Qd4 27. Rxe5 Rxe5 28. Rxe5 Rf6 29. Qe1 Qxf4 30. Re8+ Kg7 31. Re7+ Rf7 32. Re3 Qa4 33. Qc3+ d4 34. Qb2 Kg8 35. Re4 Qc6 36. Qxd4 Rd7 37. Bc4+ Kf8 38. Qh8# 1-0

[Event "Montreal Pere Noel U1500"]
[Site "Montreal"]
[Date "2016.12.29"]
[Round "4.43"]
[White "Tesar, Mathias"]
[Black "Dimov, Petre"]
[Result "1-0"]
[WhiteElo "1307"]
[BlackElo "1231"]
[PlyCount "113"]
[EventDate "2016.12.26"]
[EventType "swiss"]
[EventRounds "5"]
[EventCountry "CAN"]
[SourceTitle "EXT 2022"]
[Source "ChessBase"]
[SourceDate "2021.10.06"]
[SourceVersion "1"]
[SourceVersionDate "2021.10.06"]
[SourceQuality "1"]

1. d4 Nf6 2. Nf3 d5 3. Bf4 Nc6 4. e3 Bg4 5. Nbd2 e6 6. c3 Bd6 7. Bg3 a6 8. Bd3 Na7 9. 0-0 Nc8 10. Qa4+ c6 11. Ne5 0-0 12. f4 Ne7 13. e4 b5 14. Qc2 Bh5 15. exd5 Nfxd5 16. Rae1 f5 17. Bh4 Qe8 18. g3 c5 19. Ndf3 Rc8 20. Qd2 Ng6 21. Nxg6 Qxg6 22. Ne5 Qe8 23. Kh1 Rc7 24. Be2 cxd4 25. Qxd4 Bxe2 26. Rxe2 Qa8 27. Rf3 Bc5 28. Qd3 Be7 29. Bxe7 Nxe7 30. Qd6 Qc8 31. Rd3 Nd5 32. Nf3 Rc6 33. Qe5 Nf6 34. Rd6 Rxd6 35. Qxd6 Ne4 36. Qe5 Qc4 37. Nd4 Re8 38. Nxf5 Nf6 39. Nd6 Qc6+ 40. Kg1 Ng4 41. Qh5 Nf6 42. Qf7+ Kh8 43. Nxe8 Qxe8 44. Qxe8+ Nxe8 45. Rxe6 Nf6 46. Rxa6 h5 47. Rb6 Kg8 48. Rxb5 Kf7 49. Rf5 Ke6 50. Re5+ Kd6 51. h3 g6 52. a4 Nd7 53. Rg5 Nf8 54. b4 Kc7 55. f5 gxf5 56. Rxf5 Ne6 57. Rxh5 1-0

[Event "Montreal Transcontinental ABCDEFG"]
[Site "Montreal"]
[Date "2016.12.09"]
[Round "1"]
[White "Dimov, Petre"]
[Black "Gervais, Marcel"]
[Result "0-1"]
[WhiteElo "1250"]
[BlackElo "1302"]
[PlyCount "58"]
[EventDate "2016.12.09"]
[EventType "swiss"]
[EventRounds "5"]
[EventCountry "CAN"]
[SourceTitle "EXT 2022"]
[Source "ChessBase"]
[SourceDate "2021.10.06"]
[SourceVersion "1"]
[SourceVersionDate "2021.10.06"]
[SourceQuality "1"]

1. e4 c6 2. Bc4 d5 3. exd5 cxd5 4. Bb3 e5 5. Qh5 Nf6 6. Qe2 Nc6 7. Nf3 Bd6 8. d4 0-0 9. Bg5 exd4 10. 0-0 Be6 11. a3 h6 12. Bh4 Be7 13. Nbd2 Rc8 14. Ba2 Qb6 15. b4 Rfe8 16. Nb3 Ne4 17. Qd3 Bxh4 18. Nxh4 Nc3 19. f4 Bg4 20. Nf3 Re3 21. Qd2 Rce8 22. Kh1 Bxf3 23. gxf3 Re2 24. Qc1 Qd8 25. Nxd4 Nxd4 26. Rg1 Nf5 27. Qf1 Qh4 28. h3 Ng3+ 29. Rxg3 Qxg3 0-1